000 00759nam a2200241 a 4500
001 BRCA_4472
005 20190320204701.0
008 080910s1907----enka######---#000-0#eng-#
041 _aeng
044 _aenk
050 4 _aDP17
_b.C35 1907
100 1 _aCalvert, Albert F.
_d1872-1946
_911335
245 1 0 _aThe Prado
_bA description of the principal pictures in the Madrid Gallery
_cBy Albert F. Calvert.
260 _aLondres: Nueva York
_bJohn Lane, The Bodley Head
_c1907
300 _axvi, 149 p.
_bil., 223 láminas
_c20 cm.
440 0 _aThe spanish series
_911336
500 _aIncluye índice de ilustraciones
500 _aCE016
650 1 4 _aPintura
_zEspaña
_92581
700 1 _aHartley, C. Gasquoine
_911337
902 _aGFM
942 _2lcc
_cB
999 _c4178
_d4178